01142nam a2200265 a 450000100060000000300080000600500170001400800410003102000210007202000210009302000280011403500190014204000350016104100080019608200240020410000530022824501710028126001270045230000210057950000920060050501060069265100420079883000110084083000250085122820BD-RjUL20211209000846.0140309s1983 nyu 001 0 eng d a0940450100 (v.1) a0940450119 (v.2) a0521262216 (v.1) (U.K.) a(BD-RjUL)22885 aBD-RjULbengcBD-RjULdBD-RjUL aeng a901.9bPAF V-2 19831 aParkman, Francis,d1823-1893.q Francis Parkman.10aFrance and England in North America /cFrancis ParkmannVOLUME II :pCount frontenac and New France under Louis XIV :pA Half-Century of Conflict, Montcalm and Wolfe. aNew York :bLiterary Classics of the United States ;aCambridge :bPress Syndicate of the University of Cambridge,cc1983. a1620 p. :c21 cm aDavid Levin wrote the notes and chronology and selected the texts - (facing t.p. verso)1 av. 2 Count Frontenac and New France under Louis XIV ; A half-century of conflict ; Montcalm and Wolfe 0aCanadaxHistoryyTo 1763 (New France) 0v15, 16 0aLibrary of America ;